Sác-Lơ Đích-Ken và Vích-To Huy-Gô

Cuốn sách gồm 2 phần: Phần 1 giới thiệu về cuộc đời và sự nghiệp của nhà văn Sác-Lơ Đích-Ken; Phần 2 giới thiệu về cuộc đời và sự nghiệp của nhà văn Vích-To Huy-Gô.

Guardado en:
Detalles Bibliográficos
Autor principal: Song Mai
Formato: Libro
Lenguaje:Undetermined
Publicado: Hà Nội Văn hóa Thông tin 2005
Materias:
Etiquetas: Agregar Etiqueta
Sin Etiquetas, Sea el primero en etiquetar este registro!
Thư viện lưu trữ: Trung tâm Học liệu Trường Đại học Cần Thơ
LEADER 00839nam a2200205Ia 4500
001 CTU_120091
008 210402s9999 xx 000 0 und d
020 |c 14000 
082 |a 800.8 
082 |b S431 
100 |a Song Mai 
245 0 |a Sác-Lơ Đích-Ken và Vích-To Huy-Gô 
245 0 |c Song Mai (Chủ biên) ; Quý Khôi (Biên soạn) 
260 |a Hà Nội 
260 |b Văn hóa Thông tin 
260 |c 2005 
520 |a Cuốn sách gồm 2 phần: Phần 1 giới thiệu về cuộc đời và sự nghiệp của nhà văn Sác-Lơ Đích-Ken; Phần 2 giới thiệu về cuộc đời và sự nghiệp của nhà văn Vích-To Huy-Gô. 
650 |a Literature 
904 |i Hiếu 
980 |a Trung tâm Học liệu Trường Đại học Cần Thơ